|
|
|
|
| LEADER |
01457nam a22003732a 4500 |
| 001 |
000285224 |
| 003 |
CZ BrMZK |
| 005 |
20200122102440.0 |
| 007 |
ta |
| 008 |
980105s1944 xr a f cze d |
| 015 |
|
|
|a cnb000993622
|
| 035 |
|
|
|a (OCoLC)85701332
|
| 040 |
|
|
|a ABA001
|b cze
|c ABA001
|d ABA001
|d BOA001
|
| 072 |
|
7 |
|a 821.162.3-1
|x Česká poezie
|2 Konspekt
|9 25
|
| 080 |
|
|
|a 821.162.3-1
|2 MRF
|
| 080 |
|
|
|a (0:82-1)
|2 MRF
|
| 080 |
|
|
|a (0.027.6)
|2 MRF
|
| 100 |
1 |
|
|a Březina, Otokar,
|d 1868-1929
|7 jk01020045
|4 aut
|
| 245 |
1 |
0 |
|a Vigilie a jiné básně /
|c [z básnického díla Otakara Březiny vybral Josef Hladký ; reprodukce Rud. Michalíka]
|
| 260 |
|
|
|a [Hranice] :
|b J. Hladký,
|c 1944
|
| 300 |
|
|
|a [42] s. :
|b il. ;
|c 8°
|
| 500 |
|
|
|a Bibliofilie
|
| 500 |
|
|
|a Sáňka 2675
|
| 500 |
|
|
|a 80 číslovaných výt. na dokumentním papíru vod. zn. XX.
|
| 500 |
|
|
|a Dostupné též v digitální podobě v aplikaci Kramerius
|
| 655 |
|
7 |
|a bibliofilie
|7 fd131893
|2 czenas
|
| 655 |
|
7 |
|a česká poezie
|7 fd133958
|2 czenas
|
| 700 |
1 |
|
|a Hladký, Josef,
|d 1885-1960
|7 jk01041143
|4 edt
|
| 700 |
1 |
|
|a Michalik, Rudolf,
|d 1901-1993
|7 jn19990005691
|4 ill
|
| 856 |
4 |
1 |
|u http://www.digitalniknihovna.cz/mzk/uuid/uuid:b9943010-8911-11ee-84d4-5ef3fc9bb22f
|y Digitalizovaný dokument
|x NDK
|
| 910 |
|
|
|a BOA001
|b OB-0287.967
|
| 990 |
|
|
|a BK
|
| 991 |
|
|
|b 202001
|
| 996 |
6 |
|
|b 2619880764
|c OB-0287.967
|l MZK
|r Sklad / do 24 hodin
|n 2
|w 000285224
|u 000010
|a 1
|e BOA001
|j MZK50
|s P
|